01044nam a2200253 i 450000100060000000300090000600500170001500700030003200800410003502000170007608000260009324502310011926000590035030000300040965000430043965500480048271000430053074000210057374000270059485200220062194200080064399900170065195201220066814134ES-MaACL20250812015653.0t|981007s1995 dk a |||| | spa d a929120-635-0 a7.036(4-012.1)(064.3)03aLa hora del norte b= L'hora del nord = The hour of the north : Centro Cultural del Conde Duque, 14 de marzo al 20 de abril 1995 : Generalitat de Catalunya, Pia Almoina, Pla de la Seu, Barcelona 25 de maig al 9 de juliol 1995. aCopenhague : bConsejo Nórdico de Ministros, c1995. a170 p. : bil. ; c27 cm. 4aArte escandinavo-vExposiciones910188 72tgfbne9193628aCatálogos de exposiciones2 aCentro Cultural del Conde Duque.9257922aL'hora del nord.42aThe hour of the north. aES-MaACLjL-21468 2udc c14134d14134 00104070aATENEOMbATENEOMcDEPO2d2008-01-17eSCl0oL-21468p1014379r2023-02-23 00:00:00w2023-02-23yMONOGRAFIA